000 00886nam a2200229Ia 4500
005 20250108124828.0
008 008 250107s9999 xx 000 0 hin d
020 _a978-81-86336-31-1
037 _aTB
040 _aCRL
_bhin
_cCRL
041 _ahin
_2hin
084 _aQ7 152R2
084 _qCRL
100 _aसंजय कुमार, ले.
245 0 _aआधुनिक भारत में जन - सवास्थ्य: समाधान और चुनौतियां
_cसंजय कुमार, ले.
260 _aनई दिल्ली, भारत
_bनेहरू स्मारक संग्रहालय एवं पुस्तकालय
_c2342
300 _a32पृ0
365 _aINR
_b150
650 _aचिकित्सा शास्त्र
942 _cTB
_hQ7 152R2
999 _c1234730
_d1234730